00999naa a22002777a 4500001001000000003000900010005001700019007000300036008003400039040005400073041000900127072002600136100001900162100001800181111009300199245005200292260003800344500012400382650002700506650000900533650001300542650001300555650002000568650001200588773012100600BR8206971BR-BrBNA20240918175216.0ta230509b bl.||||| |||| 00| 0 por d aBR-BrBNAbporcBiblioteca Nacional de Agricultura a(Pt) aF25b3810bG514bGZ741 aSilva, J.E. da1 aRitchey, K.D.1 aSimposio sobre Potassio na Agricultura BrasileiracLondrina, PR (Brazil)d25-28 Jan 19821 aAdubacao potassica em solos de cerrado [Brasil]3 aPiracicaba, SP (Brasil): c1982.  aAnais do Simposio sobre Potassio na Agricultura Brasileira Piracicaba, SP (Brasil): 1982. p. 323-338 (BR8206971-AM)F25  aFERTILIZANTE POTASSICO aSOLO aADUBACAO aABSORCAO aEFEITO RESIDUAL aCERRADO0 tAnais do Simposio sobre Potassio na Agricultura BrasileirawF25 BR8206971gPiracicaba, SP (Brasil), 1982. p. 323-338